| 000 | 00419nam a2200145Ia 4500 | ||
|---|---|---|---|
| 041 | _aKurdish | ||
| 082 | _a891,1 cut-276 ص | ||
| 100 | _a20260118u\\\\\\\\\\\y0engy0103\\\\ba | ||
| 100 | _aعلى محمد صالح | ||
| 245 | 0 | _aکۆى بەرهەمەکانم بەرگى- 2 - ( هۆنراوە ) | |
| 250 | _aچ1 | ||
| 260 |
_bچاپخانەیى ئەژین _aسلێمانى _c2024 |
||
| 300 | _a202 | ||
| 942 | _cBk | ||
| 999 |
_c188023 _d188023 |
||